Najlepiej sprzedające się marki samochodów Premium w Polsce - Statystyki

Ogólne statystyki
  • Ten quiz został rozwiązany 67 razy
  • Średni wynik to 5 z 10
Statystyki odpowiedzi
Ilość: Marka: % Poprawnych
15 160 Mercedes-Benz
94%
13 239 Audi
92%
15 944 BMW
85%
1 335 Porsche
70%
9 085 Volvo
51%
3 976 Lexus
49%
615 Jaguar
40%
1 183 Land Rover
34%
786 Infiniti
17%
1 875 MINI
15%
Nie znaleziono quizów pasujących do podanych kryteriów
Rozkład punktacji
Procent ludzi z każdym wynikiem
Percentyl według liczby udzielonych odpowiedzi
Twoja historia wyników
Nie rozwiązałeś tego quizu